000 nam a22 7a 4500
999 _c9758
_d9758
008 180207b ||||| |||| 00| 0 eng d
100 _aKidz, O
_95860
245 _aThe grimmis Faisy Tales
260 _aNew Delhi
_bOm Kidz Publication
_c2012